000 00433nam a2200145Ia 4500
008 230917s9999||||xx |||||||||||||| ||und||
040 _e8840
_aMAIN
041 _aEnglish
082 _a327.51 L154H
100 _aLall, Arthur
245 0 _aHow communist China negotiates: Includes new material on North Vietnam at the negotiating table
260 _aNew York
_bColumbia University Press
_c1968
300 _aix, 301 p.
942 _cBK
999 _c56177
_d56177